| 000 | 00448nam a2200193Ia 4500 | ||
|---|---|---|---|
| 005 | 20220601114017.0 | ||
| 008 | 131103s9999 xx 000 0 und d | ||
| 020 | _a330438867 | ||
| 040 | _aLoreto College | ||
| 041 | _aEnglish | ||
| 082 |
_aF _bARC |
||
| 100 | _aArcher,Jeffrey | ||
| 245 |
_aFalse impression _cJeffrey Archer |
||
| 260 |
_aLondon _bPan Books _c2005 |
||
| 300 | _a385p | ||
| 650 | _aFiction | ||
| 850 | _aLCLIB | ||
| 942 | _cBK | ||
| 999 |
_c37740 _d88219 |
||